000 00598nam a2200181Ia 4500
008 151018s9999 xx 000 0 und d
082 _bRBASDV6908
_a891.463
100 _aचंद्रकांत काकोडकर
245 _aदीप महाल
250 _b1
260 _bभारतीय पॉकेट बुक्स
_c1969
300 _a120
600 _aचंद्रकांत काकोडकर
630 _aदीप महाल
700 _aचंद्रकांत काकोडकर
730 _aदीप महाल
942 _cBOOK
999 _c1009277
_d1009274